00422nam a2200109Ia 4500008004100000100002300041245011400064260003900178300001200217650001500229856006800244160712s9999 xx 000 0 und d aSotocinal, Noli R. cNoli R. SotocinalaRegime Switching in Inflation Targeting Under Conditions of Public Debt in the Philippines c2015bPhilippine Management Review avol. 22 xMANAGEMENT uhttp://journals.upd.edu.ph/index.php/pmr/issue/view/476/showToc